000 01603nam a2200337 a 4500
999 _c170268
_d170268
003 BLK
005 20241219112730.0
008 180411b bul|||||r ||||||| ||bul||
010 _aKNG00178399000
040 _aBLK
041 _aBUL
_cBUL
080 _aОбщи въпроси на географията. Географията като наука. Географски изследвания на страните, пътешествия
_b910
_z910
100 1 _aМалов, Владимир Игоревич
_eпърви автор
_9338506
139 _aМалов, Владимир Игоревич
_bМ 23
245 1 0 _aЛегендите водят до открития
_bНаучнопопул. четиво за геогр. открития: За юноши
_cВладимир Игоревич Малов; прев. от рус. Росица Великова.
257 _aSUN
260 _bНар. просв.
_c1985
_fЯмбол : Г. Димитров
_aСофия
300 _a159с.
_bс ил., к.
_c20 см
380 _a91
500 _aОриг. загл. Легенды ведут к открытиям. - 18 707 тир.
650 7 _aГеографски пътешествия и открития
_2
_9151890
653 _aгеографски открития
700 1 _aВеликова, Росица
_eпрев. от рус.
_9378411
852 _aЦб 136250
856 4 _qpdf
856 4 _qpdf
942 _cKNG
_n0
_s1
944 _aCR
_c17.07.2015
_k30560
_lГеновева Генчева
944 _aED
_c17.07.2015
_kКина_Георгиева
999 _d170268